000
00324nam a22001337a 4500
008
181102b xxu||||| |||| 00| 0 eng d
020
_a
0806504080
041
_a
eng
080
_a
616-053.2
100
_a
8
101
_a
PED
245
_a
Autistic Children A Guide for Parents and Professionals
_c
Wing,L
942
_2
udc
_c
BK
999
_c
51621
_d
51621